000 00276nam a2200097Ia 4500
008 240331s9999 xx 000 0 und d
082 _bTEN
100 _aCENWOR. ed
245 0 _aTenth National convention on women's studies :
_bgender based violence,governance,gender
942 _cL
999 _c5614
_d5614